=LDR 00000nam 2200000 4500 =001 INLIS000000000012224 =005 20130612103748 =008 ***********************************Ind** =035 ##$$0010-061300000012224 =041 ##$$a Ind =082 ##$$a 574.076 =090 ##$$a 574.076, Had p =100 ##$$a Kadikastowo =245 ##$$a Petunjuk praktikum biologi untuk SMA, Hadikastowo, Samarno RW =260 ##$$a 1982 $b Jakarta =300 ##$$a iii, 117 hlm, Ilus, 21 cm =650 ##$$a Biologi =650 ##$$a Latihan =850 ##$$a NBPNMAT